00512 2200193 4500001002100000005001500021035002000036245005100056100001400107250000600121300002100127260004500148082001400193084002000207020002200227008004100249650002000290990000800310INLIS00000000000027920240827024209 a0010-03190000961 aKau, Aku Dan Sepucuk Angpau Merah /cTere Liye0 aTere Liye a1 a512 hlm ;c20 cm aJakarta :bGramedia Pustaka Utama,c2012 a899.221'3 a899.221'3 TER k a978-979-22-7913-9240827 0  4aFiksi Indonesia a647